00803cam a2200229 a 4500001000800000005001700008008004100025010001700066020005400083040001800137041000800155080001700163082002100180100000600201101000800207245014700215246003700362906004500399942001200444999001700456952010000473157906420180112042044.0930526s1994 pau 001 0 eng  a 93023014  a0875961797 (hardcover : acidfree, recycled paper) aDLCcDLCdDLC aeng a616..047 WAR00a616..047 WAR220 a3 aSHM00aSymptoms--their causes & cures :cby the editors of Prevention magazine health books, Doug Dollemore ... [et al.] ; edited by Alice Feinstein.3 aSymptoms--their causes and cures a7bcbccorignewd1eocipf19gy-gencatlg 2ddccBK c40178d40178 00102ddc4070a002b002d2018-01-12l0o616..047 WARp002-2994947r2018-01-12w2018-01-12yBK